000 00735nam a2200205Ia 4500
003 GCL
008 140319s9999 xx 000 0 ara d
040 _aGCL /
_cGCL
082 0 4 _a813.009
_bم ط
100 1 _aمراد عبدالرحمن مبروك
245 1 0 _aالظواهر الفنية فى القصة القصيرة المعاصرة فى مصر (1984-1967) /
_cمراد عبدالرحمن مبروك
260 _a[S.N] :
_bالهيئة المصرية العامة للكتاب ،
_c1989
300 _a319 ص
490 _aدراسات ادبية
_v0
650 0 4 _aالادب العربى
650 0 4 _aالعصر الحديث
650 0 4 _aالقصص القصيرة
650 0 4 _aتاريخ ونقد
942 _2ddc
_cBK
999 _c29126
_d29126